Importancia de las universidades para el desarrollo económico del país
Presenta un análisis del apoyo que las universidades deben de brindar a la sociedad en el desarrollo empresarial y facilidad que brindan las empresas a los egresados para laborar en sus especialidades.
| Main Authors: | , |
|---|---|
| Other Authors: | |
| Format: | Tesis Section = Libro |
| Language: | Undetermined Spanish |
| Published: |
Managua
UNI
2010
|
| Subjects: |
| LEADER | 01060nam a2200241Ia 4500 | ||
|---|---|---|---|
| 008 | 240830s9999 xx 000 0 und d | ||
| 040 | |a BIBLIOTECA-RUSB/ T.Mon 378.01 J61 | ||
| 041 | |a spa | ||
| 082 | |a T.Mon 378.01 J61 | ||
| 100 | 1 | |a Jiménez Salazar, Rudy Alexander | |
| 100 | 1 | |b Meza Moreno, Edwill René | |
| 245 | 1 | 0 | |a Importancia de las universidades para el desarrollo económico del país |
| 260 | |a Managua |b UNI |c 2010 | ||
| 300 | |a 90 p. :il. | ||
| 502 | |a Tesis (Ingeniero Electrónico e Ingeniero Eléctrico) - UNI, 2010. | ||
| 520 | 3 | |a Presenta un análisis del apoyo que las universidades deben de brindar a la sociedad en el desarrollo empresarial y facilidad que brindan las empresas a los egresados para laborar en sus especialidades. | |
| 650 | 7 | |a UNIVERSIDAD - NICARAGUA - ASPECTOS SOCIOECONOMICOS | |
| 650 | 7 | |b EDUCACION SUPERIOR - DESARROLLO SOSTENIBLE | |
| 650 | 7 | |c EDUCACION SUPERIOR - DESARROLLO CIENTIFICO - TECNOLOGICO | |
| 700 | 1 | |a Tutor: |b Flores Quintana, Gloria Thalía | |
| 942 | |c BK |2 ddc | ||
| 991 | |a TESIS | ||
| 999 | |c 21784 | ||